000 00560nam a2200193Ia 4500
001 3485
003 GE_BSU
008 181216s||||||||xx |||||||||||||| ||und||
040 _cGE_BSU
080 _a62(035)
245 _aტექნიკოსის ცნობარი
245 _cრედ.ე.ვაშაკიძე,პ.ზერაგია,ი.არევაძე
260 _aთბილისი
260 _bტექნიკა და შრომა
260 _c1950
300 _a616გვ.
300 _c21 სმ.
942 _cBK
999 _c37521
_d37521